000 00494nam a2200181Ia 4500
008 240925s9999 xx 000 0 und d
020 _a782124453
082 _a004.66 MIN
100 _aMinasi, Mark
245 0 _aMastering Windows NT Server 4
250 _a6th
260 _aCalifornia:
_bSan Francisco
_c,1987.
300 _aVarious pages
_bNA
_fOriginal
500 _aIncludes Index
600 _aComputer Science
650 _aComputer science, information & general works
942 _cBK
999 _c6129
_d6129